000 00800nam a22002175i 4500
001 166203
003 ES-MaACL
005 20250702063124.0
008 050913s1856 gw | |||||||| ||eng d
040 _aCAM
_bspa
_cCAM
100 1 _aThackeray, William Makepeace,
_d1811-1863
_9109858
245 1 4 _aThe memoirs of Barry Lindon, Esq. /
_cby W.M. Thacqueray.
260 _aLeipzig :
_bBernhard Tauchnitz,
_c1856.
300 _aVI, 408 p. ;
_c16 cm.
490 1 _aCollection of british authors ;
_v369
490 1 _aMiscellanies: prose and verse by W.M. Thackeray ;
_v6
830 0 _aCollection of british authors ;
_v369
_9180703
830 0 _aMiscellanies: prose and verse by W.M. Thackeray ;
_v6
_9188606
852 _aES-MaACL
_jG-12017(2)
_z-- Enc. hol.
999 _c166203
_d166203